000 00300nam a2200121Ia 4500
008 191201s2006 xx 000 0 und d
100 _aKUMAR, R
245 0 _aBrilliant Mathematics Series Real Analysis
260 _aN. Delhi
_bVardhman Pub
_c2006
300 _aMISC
650 _aApplied
942 _2ddc
_cBK
999 _c79
_d79